|
|
|
|
| LEADER |
01820cas a2200301 a 4500 |
| 001 |
AALejournalIMF019205 |
| 008 |
230101c9999 xx r poo 0 0eng d |
| 020 |
|
|
|c 5.00 USD
|
| 020 |
|
|
|z 9781498307222
|
| 022 |
|
|
|a 2663-3493
|
| 040 |
|
|
|a BD-DhAAL
|c BD-DhAAL
|
| 110 |
2 |
|
|a International Monetary Fund.
|b Strategy, Policy, and Review Department.
|
| 245 |
1 |
0 |
|a Guidance Note on Letters and Statements Assessing Members' Economic Conditions and Policies.
|
| 264 |
|
1 |
|a Washington, D.C. :
|b International Monetary Fund,
|c 2018.
|
| 300 |
|
|
|a 1 online resource (4 pages)
|
| 490 |
1 |
|
|a Policy Papers
|
| 500 |
|
|
|a <strong>Off-Campus Access:</strong> No User ID or Password Required
|
| 500 |
|
|
|a <strong>On-Campus Access:</strong> No User ID or Password Required
|
| 506 |
|
|
|a Electronic access restricted to authorized BRAC University faculty, staff and students
|
| 520 |
3 |
|
|a This note provides guidance on assessment letters and statements, including identifying the circumstances in which they are called for, and outlining the content, the review process, and the ground rules for circulation to the Board and for publication. Such letters or statements may be prepared for countries with programs supported by the Fund through financial assistance, a Policy Support Instrument (PSI) or Policy Coordination Instrument (PCI), countries receiving Fund emergency assistance, countries with staff-monitored programs (SMPs), or surveillance-only cases.
|
| 538 |
|
|
|a Mode of access: Internet
|
| 650 |
|
7 |
|a Assessment Letters
|2 imf
|
| 650 |
|
7 |
|a Assessment
|2 imf
|
| 650 |
|
7 |
|a Letter
|2 imf
|
| 650 |
|
7 |
|a Policy
|2 imf
|
| 650 |
|
7 |
|a PP
|2 imf
|
| 830 |
|
0 |
|a Policy Papers; Policy Paper ;
|v No. 2018/005
|
| 856 |
4 |
0 |
|z Full text available on IMF
|u http://elibrary.imf.org/view/journals/007/2018/005/007.2018.issue-005-en.xml
|z IMF e-Library
|